Bacon Puzzle #1 - Statistics

General Stats
  • This quiz has been taken 52,875 times
  • The average score is 9 of 16
Answer Stats
Actor % Correct
Tom Cruise
92%
Johnny Depp
89%
Will Smith
89%
Ben Stiller
78%
Sean Connery
69%
Catherine Zeta-Jones
67%
Cameron Diaz
66%
Renee Zellweger
65%
Jeff Goldblum
52%
Winona Ryder
46%
Al Pacino
45%
Alec Baldwin
43%
Geena Davis
34%
Charlize Theron
29%
Ed Harris
27%
Gary Sinise
27%
No matching quizzes found
Score Distribution
Percent of People with Each Score
Percentile by Number Answered
Your Score History
You have not taken this quiz